[Event "Rapid Tournament (RAP)"]
[Site "Biel, CH"]
[Date "2025.07.13"]
[Round "8"]
[White "Schweizer, Samuel"]
[Black "Leonov, Leonid"]
[Result "1-0"]
[Board "26"]
[WhiteFideId "1325353"]
[BlackFideId "1698052"]
[WhiteElo "2061"]
[BlackElo "1894"]
[WhiteTeam "JPN"]
[BlackTeam "AUT"]
[WhiteClock "0:05:56"]
[BlackClock "0:00:51"]
[Variant "Standard"]

1. e4 {[%clk 0:15:09]}  c5 {[%clk 0:15:10]} 2. Nf3 {[%clk 0:15:12]}  d6 {[%clk 0:15:14]} 3. d4 {[%clk 0:15:16]}  cxd4 {[%clk 0:15:18]} 4. Nxd4 {[%clk 0:15:19]}  Nf6 {[%clk 0:15:22]} 5. Nc3 {[%clk 0:15:23]}  a6 {[%clk 0:15:26]} 6. h3 {[%clk 0:15:27]}  e5 {[%clk 0:15:27]} 7. Nde2 {[%clk 0:15:31]}  h5 {[%clk 0:15:29]} 8. g3 {[%clk 0:15:35]}  Be7 {[%clk 0:15:33]} 9. Bg2 {[%clk 0:15:39]}  b5 {[%clk 0:15:35]} 10. a4 {[%clk 0:15:32]}  b4 {[%clk 0:15:39]} 11. Nd5 {[%clk 0:15:36]}  a5 {[%clk 0:15:43]} 12. c4 {[%clk 0:15:37]}  Bb7 {[%clk 0:14:34]} 13. Be3 {[%clk 0:15:27]}  Nbd7 {[%clk 0:14:28]} 14. b3 {[%clk 0:14:54]}  O-O {[%clk 0:13:26]} 15. g4 {[%clk 0:14:36]}  Bxd5 {[%clk 0:12:34]} 16. cxd5 {[%clk 0:14:37]}  hxg4 {[%clk 0:12:38]} 17. Ng3 {[%clk 0:14:38]}  gxh3 {[%clk 0:12:17]} 18. Bxh3 {[%clk 0:14:41]}  g6 {[%clk 0:11:45]} 19. f3 {[%clk 0:14:33]}  Nh7 {[%clk 0:09:58]} 20. Qd2 {[%clk 0:14:17]}  Bg5 {[%clk 0:09:58]} 21. Bxd7 {[%clk 0:13:38]}  Bxe3 {[%clk 0:09:39]} 22. Qh2 {[%clk 0:13:21]}  Kg7 {[%clk 0:09:19]} 23. Qxh7+ {[%clk 0:13:09]}  Kf6 {[%clk 0:09:23]} 24. Bc6 {[%clk 0:11:33]}  Qb6 {[%clk 0:09:04]} 25. Nf5 {[%clk 0:09:25]}  gxf5 {[%clk 0:08:45]} 26. Qxf5+ {[%clk 0:09:28]}  Ke7 {[%clk 0:08:42]} 27. Qd7+ {[%clk 0:09:29]}  Kf6 {[%clk 0:08:46]} 28. Qxd6+ {[%clk 0:09:32]}  Kg7 {[%clk 0:08:49]} 29. Qxe5+ {[%clk 0:09:31]}  Kg6 {[%clk 0:07:26]} 30. Qf5+ {[%clk 0:09:22]}  Kg7 {[%clk 0:07:19]} 31. Rh7+ {[%clk 0:09:25]}  Kg8 {[%clk 0:06:46]} 32. Rh2 {[%clk 0:08:58]}  Bh6 {[%clk 0:07:18]} 33. Qg4+ {[%clk 0:08:36]}  Bg7 {[%clk 0:07:03]} 34. Kf1 {[%clk 0:07:47]}  Rac8 {[%clk 0:06:33]} 35. Qh5 {[%clk 0:07:29]}  f6 {[%clk 0:06:18]} 36. Bd7 {[%clk 0:06:55]}  Qa6+ {[%clk 0:04:35]} 37. Kg2 {[%clk 0:06:43]}  Rc2+ {[%clk 0:04:39]} 38. Kh1 {[%clk 0:06:21]}  Rxh2+ {[%clk 0:04:39]} 39. Qxh2 {[%clk 0:06:24]}  Rd8 {[%clk 0:04:20]} 40. Be6+ {[%clk 0:06:15]}  Kf8 {[%clk 0:04:24]} 41. Rc1 {[%clk 0:06:01]}  Qd3 {[%clk 0:02:14]} 42. Qh5 {[%clk 0:05:52]}  Ke7 {[%clk 0:00:47]} 43. Qf7+ {[%clk 0:05:54]}  Kd6 {[%clk 0:00:51]} 44. Qc7# {[%clk 0:05:56]} 1-0

[Event "Rapid Tournament (RAP)"]
[Site "Biel, CH"]
[Date "2025.07.13"]
[Round "8"]
[White "Hornung, Hans, Dr."]
[Black "Jordan, Theodor"]
[Result "1-0"]
[Board "27"]
[WhiteFideId "4615140"]
[BlackFideId "1353152"]
[WhiteElo "2052"]
[BlackElo "1894"]
[WhiteTeam "GER"]
[BlackTeam "SUI"]
[WhiteClock "0:00:49"]
[BlackClock "0:00:07"]
[Variant "Standard"]

1. Nf3 {[%clk 0:15:08]}  Nf6 {[%clk 0:15:09]} 2. c4 {[%clk 0:15:12]}  c6 {[%clk 0:15:13]} 3. d4 {[%clk 0:15:06]}  d5 {[%clk 0:15:17]} 4. e3 {[%clk 0:15:09]}  e6 {[%clk 0:15:18]} 5. b3 {[%clk 0:14:57]}  Nbd7 {[%clk 0:15:21]} 6. Bd3 {[%clk 0:14:55]}  Bd6 {[%clk 0:15:23]} 7. Bb2 {[%clk 0:14:52]}  b6 {[%clk 0:15:25]} 8. O-O {[%clk 0:14:41]}  Qe7 {[%clk 0:15:23]} 9. Nc3 {[%clk 0:14:21]}  Bb7 {[%clk 0:15:26]} 10. e4 {[%clk 0:14:08]}  dxe4 {[%clk 0:15:29]} 11. Nxe4 {[%clk 0:14:10]}  Nxe4 {[%clk 0:15:32]} 12. Bxe4 {[%clk 0:14:13]}  Nf6 {[%clk 0:15:35]} 13. Bc2 {[%clk 0:14:15]}  O-O-O {[%clk 0:15:27]} 14. Qe2 {[%clk 0:12:38]}  c5 {[%clk 0:15:19]} 15. Rad1 {[%clk 0:11:46]}  Rhg8 {[%clk 0:14:34]} 16. Rfe1 {[%clk 0:10:00]}  Qc7 {[%clk 0:14:38]} 17. Ne5 {[%clk 0:09:31]}  Bxe5 {[%clk 0:12:15]} 18. dxe5 {[%clk 0:09:23]}  Rxd1 {[%clk 0:11:46]} 19. Rxd1 {[%clk 0:09:20]}  Nd7 {[%clk 0:11:19]} 20. Rd6 {[%clk 0:08:26]}  g6 {[%clk 0:11:04]} 21. a3 {[%clk 0:07:38]}  Rd8 {[%clk 0:10:38]} 22. Qd1 {[%clk 0:07:02]}  Nb8 {[%clk 0:10:36]} 23. Rxd8+ {[%clk 0:06:56]}  Qxd8 {[%clk 0:10:38]} 24. Qxd8+ {[%clk 0:06:59]}  Kxd8 {[%clk 0:10:41]} 25. h4 {[%clk 0:06:27]}  h5 {[%clk 0:10:42]} 26. f3 {[%clk 0:06:22]}  Ke7 {[%clk 0:10:41]} 27. Kf2 {[%clk 0:05:59]}  Nd7 {[%clk 0:10:36]} 28. g4 {[%clk 0:05:20]}  hxg4 {[%clk 0:10:01]} 29. fxg4 {[%clk 0:05:24]}  Kf8 {[%clk 0:09:57]} 30. Ke3 {[%clk 0:05:21]}  Kg7 {[%clk 0:09:55]} 31. Kf4 {[%clk 0:05:18]}  a6 {[%clk 0:09:16]} 32. Kg5 {[%clk 0:04:25]}  Nf8 {[%clk 0:08:48]} 33. h5 {[%clk 0:04:37]}  Nh7+ {[%clk 0:08:36]} 34. Kf4 {[%clk 0:03:36]}  Nf8 {[%clk 0:07:50]} 35. Bc1 {[%clk 0:04:05]}  Nd7 {[%clk 0:06:19]} 36. hxg6 {[%clk 0:02:12]}  fxg6 {[%clk 0:06:18]} 37. Kg5 {[%clk 0:02:15]}  Nf8 {[%clk 0:06:15]} 38. Be3 {[%clk 0:02:08]}  Nd7 {[%clk 0:04:27]} 39. Bf4 {[%clk 0:01:40]}  Nf8 {[%clk 0:04:27]} 40. b4 {[%clk 0:01:40]}  cxb4 {[%clk 0:03:37]} 41. axb4 {[%clk 0:01:42]}  Bc6 {[%clk 0:03:19]} 42. Bd3 {[%clk 0:01:33]}  b5 {[%clk 0:02:50]} 43. c5 {[%clk 0:01:26]}  Nh7+ {[%clk 0:02:31]} 44. Kh4 {[%clk 0:01:29]}  Kf7 {[%clk 0:02:35]} 45. Bh6 {[%clk 0:01:14]}  Bd5 {[%clk 0:02:08]} 46. Kg3 {[%clk 0:01:17]}  Bc6 {[%clk 0:01:33]} 47. Kf4 {[%clk 0:01:14]}  Ke7 {[%clk 0:01:20]} 48. Bxg6 {[%clk 0:01:11]}  Nf8 {[%clk 0:01:24]} 49. Bxf8+ {[%clk 0:01:12]}  Kxf8 {[%clk 0:01:28]} 50. Be4 {[%clk 0:01:06]}  Bd5 {[%clk 0:01:14]} 51. Bd3 {[%clk 0:00:58]}  Ke7 {[%clk 0:00:47]} 52. Ke3 {[%clk 0:00:59]}  Bb7 {[%clk 0:00:30]} 53. Kd4 {[%clk 0:00:55]}  Bc8 {[%clk 0:00:06]} 54. Be4 {[%clk 0:00:53]}  Kd8 {[%clk 0:00:08]} 55. c6 {[%clk 0:00:50]}  a5 {[%clk 0:00:07]} 56. bxa5 {[%clk 0:00:49]} 1-0

[Event "Rapid Tournament (RAP)"]
[Site "Biel, CH"]
[Date "2025.07.13"]
[Round "8"]
[White "Laub, Patrick"]
[Black "Lang, Fabian"]
[Result "1/2-1/2"]
[Board "29"]
[WhiteFideId "1302566"]
[BlackFideId "1310160"]
[WhiteElo "2018"]
[BlackElo "1892"]
[WhiteTeam "SUI"]
[BlackTeam "SUI"]
[WhiteClock "0:10:44"]
[BlackClock "0:07:07"]
[Variant "Standard"]

1. e4 {[%clk 0:15:08]}  c5 {[%clk 0:15:09]} 2. Nf3 {[%clk 0:14:53]}  a6 {[%clk 0:15:12]} 3. g3 {[%clk 0:14:56]}  Nc6 {[%clk 0:15:13]} 4. d3 {[%clk 0:15:00]}  e5 {[%clk 0:15:11]} 5. Bg2 {[%clk 0:15:03]}  Nf6 {[%clk 0:15:11]} 6. O-O {[%clk 0:15:06]}  d6 {[%clk 0:15:09]} 7. c3 {[%clk 0:15:07]}  Be7 {[%clk 0:15:03]} 8. a4 {[%clk 0:15:04]}  O-O {[%clk 0:15:01]} 9. Nbd2 {[%clk 0:15:08]}  Rb8 {[%clk 0:14:27]} 10. Nc4 {[%clk 0:14:47]}  b5 {[%clk 0:14:18]} 11. axb5 {[%clk 0:14:48]}  axb5 {[%clk 0:14:21]} 12. Ne3 {[%clk 0:14:50]}  Be6 {[%clk 0:14:03]} 13. Ng5 {[%clk 0:13:42]}  d5 {[%clk 0:11:31]} 14. Nxe6 {[%clk 0:13:35]}  fxe6 {[%clk 0:11:32]} 15. exd5 {[%clk 0:13:09]}  exd5 {[%clk 0:11:22]} 16. Nf5 {[%clk 0:13:06]}  Qd7 {[%clk 0:09:43]} 17. Nxe7+ {[%clk 0:12:37]}  Nxe7 {[%clk 0:09:28]} 18. Qe2 {[%clk 0:12:00]}  Nc6 {[%clk 0:08:03]} 19. Bg5 {[%clk 0:11:18]}  Rfe8 {[%clk 0:07:52]} 20. Ra6 {[%clk 0:11:01]}  h6 {[%clk 0:07:36]} 21. Bxf6 {[%clk 0:10:53]}  gxf6 {[%clk 0:07:33]} 22. Qh5 {[%clk 0:10:44]}  Ra8 {[%clk 0:07:07]} 1/2-1/2

[Event "Rapid Tournament (RAP)"]
[Site "Biel, CH"]
[Date "2025.07.13"]
[Round "8"]
[White "Varela Tavares, Goncalo"]
[Black "Tkhoruk, Roman"]
[Result "1-0"]
[Board "30"]
[WhiteFideId "1344773"]
[BlackFideId "34161589"]
[WhiteElo "1829"]
[BlackElo "2004"]
[WhiteTeam "SUI"]
[BlackTeam "SUI"]
[WhiteClock "0:00:29"]
[BlackClock "0:02:32"]
[Variant "Standard"]

1. Nf3 {[%clk 0:15:09]}  Nf6 {[%clk 0:15:07]} 2. c4 {[%clk 0:15:12]}  g6 {[%clk 0:15:10]} 3. b4 {[%clk 0:15:16]}  Bg7 {[%clk 0:15:13]} 4. Bb2 {[%clk 0:15:19]}  O-O {[%clk 0:15:15]} 5. g3 {[%clk 0:15:23]}  a5 {[%clk 0:15:16]} 6. b5 {[%clk 0:15:26]}  c6 {[%clk 0:15:18]} 7. a4 {[%clk 0:15:27]}  d5 {[%clk 0:15:21]} 8. cxd5 {[%clk 0:15:26]}  cxb5 {[%clk 0:15:16]} 9. axb5 {[%clk 0:15:13]}  Qxd5 {[%clk 0:15:19]} 10. Nc3 {[%clk 0:15:14]}  Qc5 {[%clk 0:15:09]} 11. Ba3 {[%clk 0:15:03]}  Qc7 {[%clk 0:15:04]} 12. Rc1 {[%clk 0:15:00]}  Qb6 {[%clk 0:14:49]} 13. Bxe7 {[%clk 0:14:40]}  Re8 {[%clk 0:14:41]} 14. Bxf6 {[%clk 0:14:32]}  Qxf6 {[%clk 0:14:36]} 15. Nd5 {[%clk 0:07:25]}  Qxf3 {[%clk 0:08:42]} 16. Rxc8 {[%clk 0:10:48]}  Qxd5 {[%clk 0:08:45]} 17. Rxe8+ {[%clk 0:10:34]}  Bf8 {[%clk 0:08:49]} 18. Qa1 {[%clk 0:09:18]}  Qxb5 {[%clk 0:08:31]} 19. Rd8 {[%clk 0:07:47]}  Qb6 {[%clk 0:08:10]} 20. Rc8 {[%clk 0:06:46]}  Qe6 {[%clk 0:08:04]} 21. Qc1 {[%clk 0:06:32]}  b5 {[%clk 0:06:47]} 22. Bg2 {[%clk 0:06:09]}  Ra7 {[%clk 0:06:00]} 23. Rxb8 {[%clk 0:06:02]}  a4 {[%clk 0:06:01]} 24. Rxf8+ {[%clk 0:06:01]}  Kxf8 {[%clk 0:06:03]} 25. Qc5+ {[%clk 0:05:46]}  Re7 {[%clk 0:06:06]} 26. Bf3 {[%clk 0:05:18]}  Qb3 {[%clk 0:05:51]} 27. O-O {[%clk 0:04:55]}  a3 {[%clk 0:05:55]} 28. Qc3 {[%clk 0:03:36]}  Qxc3 {[%clk 0:05:43]} 29. dxc3 {[%clk 0:03:39]}  Rc7 {[%clk 0:05:46]} 30. Rb1 {[%clk 0:03:26]}  Rxc3 {[%clk 0:05:25]} 31. Kg2 {[%clk 0:02:47]}  a2 {[%clk 0:03:05]} 32. Ra1 {[%clk 0:02:48]}  Rc2 {[%clk 0:03:09]} 33. Bd5 {[%clk 0:02:44]}  Rxe2 {[%clk 0:03:11]} 34. Rxa2 {[%clk 0:02:35]}  Re5 {[%clk 0:03:13]} 35. Bf3 {[%clk 0:02:15]}  h6 {[%clk 0:03:07]} 36. Rb2 {[%clk 0:02:03]}  g5 {[%clk 0:03:05]} 37. Be2 {[%clk 0:02:05]}  Kg7 {[%clk 0:03:06]} 38. Bxb5 {[%clk 0:02:08]}  f6 {[%clk 0:03:08]} 39. Bd3 {[%clk 0:02:04]}  Re7 {[%clk 0:03:04]} 40. Bf5 {[%clk 0:02:05]}  Re5 {[%clk 0:03:02]} 41. Rb7+ {[%clk 0:02:00]}  Kg8 {[%clk 0:03:05]} 42. g4 {[%clk 0:02:00]}  Re1 {[%clk 0:02:41]} 43. Rh7 {[%clk 0:01:50]}  Re5 {[%clk 0:02:25]} 44. Rxh6 {[%clk 0:01:46]}  Kg7 {[%clk 0:02:29]} 45. Rh7+ {[%clk 0:01:31]}  Kg8 {[%clk 0:02:32]} 46. Rd7 {[%clk 0:01:30]}  Re1 {[%clk 0:02:33]} 47. Bh7+ {[%clk 0:01:33]}  Kh8 {[%clk 0:02:35]} 48. Bg6 {[%clk 0:01:33]}  Kg8 {[%clk 0:02:35]} 49. Bf5 {[%clk 0:01:07]}  Kf8 {[%clk 0:02:38]} 50. Ra7 {[%clk 0:01:07]}  Re5 {[%clk 0:02:38]} 51. f4 {[%clk 0:00:28]}  Re2+ {[%clk 0:02:26]} 52. Kg1 {[%clk 0:00:31]}  gxf4 {[%clk 0:02:23]} 53. h4 {[%clk 0:00:34]}  Kg8 {[%clk 0:02:17]} 54. h5 {[%clk 0:00:38]}  Kh8 {[%clk 0:02:16]} 55. h6 {[%clk 0:00:40]}  Re8 {[%clk 0:02:19]} 56. Kf2 {[%clk 0:00:32]}  Rb8 {[%clk 0:02:18]} 57. Kf3 {[%clk 0:00:32]}  Rb3+ {[%clk 0:02:21]} 58. Kxf4 {[%clk 0:00:33]}  Rb4+ {[%clk 0:02:25]} 59. Kg3 {[%clk 0:00:36]}  Rb3+ {[%clk 0:02:27]} 60. Kh4 {[%clk 0:00:36]}  Rb8 {[%clk 0:02:29]} 61. Kh5 {[%clk 0:00:36]}  Rg8 {[%clk 0:02:32]} 62. Rh7# {[%clk 0:00:29]} 1-0

[Event "Rapid Tournament (RAP)"]
[Site "Biel, CH"]
[Date "2025.07.13"]
[Round "8"]
[White "Berger, Vincent"]
[Black "Aryan Goyal"]
[Result "0-1"]
[Board "31"]
[WhiteFideId "1317822"]
[BlackFideId "366108825"]
[WhiteElo "2002"]
[BlackElo "1884"]
[WhiteTeam "SUI"]
[BlackTeam "IND"]
[WhiteClock "0:00:26"]
[BlackClock "0:02:20"]
[Variant "Standard"]

1. f4 {[%clk 0:15:08]}  Nf6 {[%clk 0:15:02]} 2. Nf3 {[%clk 0:15:11]}  e6 {[%clk 0:15:01]} 3. b3 {[%clk 0:15:12]}  d5 {[%clk 0:15:02]} 4. Bb2 {[%clk 0:15:14]}  Be7 {[%clk 0:15:04]} 5. e3 {[%clk 0:15:09]}  b6 {[%clk 0:15:06]} 6. Bb5+ {[%clk 0:15:03]}  c6 {[%clk 0:14:55]} 7. Bd3 {[%clk 0:14:15]}  Bb7 {[%clk 0:14:56]} 8. O-O {[%clk 0:14:14]}  O-O {[%clk 0:14:54]} 9. Nc3 {[%clk 0:13:41]}  c5 {[%clk 0:14:58]} 10. Ne2 {[%clk 0:13:09]}  Nbd7 {[%clk 0:14:40]} 11. Ne5 {[%clk 0:11:41]}  Qc7 {[%clk 0:13:51]} 12. Ng3 {[%clk 0:11:15]}  Ne4 {[%clk 0:13:49]} 13. Rf3 {[%clk 0:10:26]}  Bf6 {[%clk 0:13:19]} 14. Qe2 {[%clk 0:09:18]}  Nxe5 {[%clk 0:13:07]} 15. fxe5 {[%clk 0:08:53]}  Bxe5 {[%clk 0:13:09]} 16. Bxe5 {[%clk 0:08:48]}  Qxe5 {[%clk 0:13:13]} 17. Raf1 {[%clk 0:08:51]}  Nxg3 {[%clk 0:10:35]} 18. Rxg3 {[%clk 0:08:32]}  f5 {[%clk 0:10:34]} 19. c3 {[%clk 0:07:13]}  Rf6 {[%clk 0:10:19]} 20. Rf4 {[%clk 0:06:26]}  Rh6 {[%clk 0:10:03]} 21. Rg5 {[%clk 0:05:35]}  Rf8 {[%clk 0:09:15]} 22. Qf2 {[%clk 0:05:11]}  Rff6 {[%clk 0:07:39]} 23. h4 {[%clk 0:03:57]}  Rhg6 {[%clk 0:05:48]} 24. g4 {[%clk 0:03:09]}  h6 {[%clk 0:05:01]} 25. Rxg6 {[%clk 0:02:03]}  Rxg6 {[%clk 0:05:05]} 26. Kf1 {[%clk 0:01:55]}  Rxg4 {[%clk 0:04:35]} 27. Rxg4 {[%clk 0:01:35]}  fxg4 {[%clk 0:04:39]} 28. Bg6 {[%clk 0:01:10]}  Qf6 {[%clk 0:04:36]} 29. h5 {[%clk 0:01:03]}  Qxf2+ {[%clk 0:04:01]} 30. Kxf2 {[%clk 0:01:06]}  Bc8 {[%clk 0:03:55]} 31. d4 {[%clk 0:01:06]}  Ba6 {[%clk 0:03:39]} 32. Kg3 {[%clk 0:01:03]}  Be2 {[%clk 0:03:40]} 33. b4 {[%clk 0:00:36]}  cxb4 {[%clk 0:03:11]} 34. cxb4 {[%clk 0:00:39]}  Kf8 {[%clk 0:03:05]} 35. Kf4 {[%clk 0:00:43]}  Ke7 {[%clk 0:03:07]} 36. e4 {[%clk 0:00:45]}  Bf3 {[%clk 0:02:58]} 37. exd5 {[%clk 0:00:42]}  exd5 {[%clk 0:03:00]} 38. Bf5 {[%clk 0:00:42]}  Kf6 {[%clk 0:02:46]} 39. Bg6 {[%clk 0:00:32]}  Be2 {[%clk 0:02:17]} 40. Bh7 {[%clk 0:00:22]}  g3 {[%clk 0:02:10]} 41. Kxg3 {[%clk 0:00:26]}  Bxh5 {[%clk 0:02:13]} 42. Kf4 {[%clk 0:00:28]}  g5+ {[%clk 0:02:16]} 43. Ke3 {[%clk 0:00:30]}  Bf7 {[%clk 0:02:15]} 44. Kf3 {[%clk 0:00:28]}  Be6 {[%clk 0:02:16]} 45. Kg3 {[%clk 0:00:26]}  h5 {[%clk 0:02:20]} 0-1

[Event "Rapid Tournament (RAP)"]
[Site "Biel, CH"]
[Date "2025.07.13"]
[Round "8"]
[White "Klopfenstein, Francois"]
[Black "Schweitzer, Olaf"]
[Result "0-1"]
[Board "32"]
[WhiteFideId "1303040"]
[BlackFideId "634123"]
[WhiteElo "1835"]
[BlackElo "1996"]
[WhiteTeam "SUI"]
[BlackTeam "FRA"]
[WhiteClock "0:02:46"]
[BlackClock "0:07:26"]
[Variant "Standard"]

1. e4 {[%clk 0:15:07]}  c5 {[%clk 0:15:09]} 2. Nc3 {[%clk 0:15:11]}  Nc6 {[%clk 0:15:13]} 3. f4 {[%clk 0:15:14]}  g6 {[%clk 0:15:17]} 4. Nf3 {[%clk 0:15:18]}  Bg7 {[%clk 0:15:21]} 5. a3 {[%clk 0:15:22]}  e6 {[%clk 0:14:41]} 6. b4 {[%clk 0:11:49]}  cxb4 {[%clk 0:14:34]} 7. axb4 {[%clk 0:11:53]}  d5 {[%clk 0:14:00]} 8. e5 {[%clk 0:09:51]}  Nge7 {[%clk 0:14:03]} 9. b5 {[%clk 0:09:34]}  Nb8 {[%clk 0:14:06]} 10. d4 {[%clk 0:08:43]}  O-O {[%clk 0:14:07]} 11. Bd3 {[%clk 0:08:39]}  Nd7 {[%clk 0:13:12]} 12. Qe2 {[%clk 0:07:47]}  Nb6 {[%clk 0:12:16]} 13. Qf2 {[%clk 0:07:23]}  Qc7 {[%clk 0:11:28]} 14. Bd2 {[%clk 0:07:22]}  Nc4 {[%clk 0:11:30]} 15. O-O {[%clk 0:06:04]}  Bd7 {[%clk 0:10:53]} 16. Rfb1 {[%clk 0:04:51]}  Rfc8 {[%clk 0:10:43]} 17. Na4 {[%clk 0:04:40]}  b6 {[%clk 0:10:31]} 18. Nc3 {[%clk 0:04:02]}  Nxd2 {[%clk 0:10:32]} 19. Qxd2 {[%clk 0:04:03]}  Qxc3 {[%clk 0:10:35]} 20. Qf2 {[%clk 0:01:16]}  h5 {[%clk 0:08:26]} 21. h3 {[%clk 0:03:08]}  Bh6 {[%clk 0:07:23]} 22. Rb3 {[%clk 0:02:46]}  Qxa1+ {[%clk 0:07:26]} 0-1

[Event "Rapid Tournament (RAP)"]
[Site "Biel, CH"]
[Date "2025.07.13"]
[Round "8"]
[White "Javet, Blaise"]
[Black "von Burg, Carl Alexander"]
[Result "1-0"]
[Board "33"]
[WhiteFideId "1305026"]
[BlackFideId "1352458"]
[WhiteElo "1995"]
[BlackElo "1726"]
[WhiteTeam "SUI"]
[BlackTeam "SUI"]
[WhiteClock "0:02:16"]
[BlackClock "0:03:24"]
[Variant "Standard"]

1. e4 {[%clk 0:15:05]}  c5 {[%clk 0:15:05]} 2. Nf3 {[%clk 0:15:02]}  Nc6 {[%clk 0:15:06]} 3. d4 {[%clk 0:14:58]}  cxd4 {[%clk 0:15:07]} 4. Nxd4 {[%clk 0:15:01]}  e5 {[%clk 0:15:10]} 5. Nb5 {[%clk 0:14:49]}  d6 {[%clk 0:15:14]} 6. c4 {[%clk 0:14:44]}  Be6 {[%clk 0:15:14]} 7. N1c3 {[%clk 0:14:45]}  a6 {[%clk 0:15:17]} 8. Na3 {[%clk 0:14:49]}  g6 {[%clk 0:15:20]} 9. Nc2 {[%clk 0:14:40]}  Bg7 {[%clk 0:15:21]} 10. Be3 {[%clk 0:14:30]}  Nf6 {[%clk 0:15:18]} 11. Be2 {[%clk 0:14:31]}  O-O {[%clk 0:15:19]} 12. f3 {[%clk 0:13:57]}  Rc8 {[%clk 0:15:11]} 13. Qd2 {[%clk 0:13:52]}  Ne7 {[%clk 0:13:53]} 14. b3 {[%clk 0:13:52]}  Ne8 {[%clk 0:13:43]} 15. Rd1 {[%clk 0:13:53]}  f5 {[%clk 0:13:45]} 16. Bg5 {[%clk 0:13:08]}  Qc7 {[%clk 0:13:23]} 17. Nb4 {[%clk 0:11:52]}  f4 {[%clk 0:11:50]} 18. Nbd5 {[%clk 0:10:47]}  Nxd5 {[%clk 0:11:29]} 19. Nxd5 {[%clk 0:10:37]}  Bxd5 {[%clk 0:11:21]} 20. Qxd5+ {[%clk 0:10:38]}  Qf7 {[%clk 0:10:53]} 21. Be7 {[%clk 0:10:13]}  Qxd5 {[%clk 0:10:03]} 22. Rxd5 {[%clk 0:10:14]}  Rf7 {[%clk 0:09:49]} 23. Bxd6 {[%clk 0:10:14]}  Nxd6 {[%clk 0:09:38]} 24. Rxd6 {[%clk 0:10:16]}  Bf8 {[%clk 0:09:37]} 25. Rd5 {[%clk 0:10:09]}  Bb4+ {[%clk 0:09:30]} 26. Kd1 {[%clk 0:09:36]}  Bc3 {[%clk 0:09:15]} 27. Kc2 {[%clk 0:09:30]}  Bd4 {[%clk 0:09:15]} 28. Kd3 {[%clk 0:09:24]}  Kg7 {[%clk 0:08:57]} 29. Rd1 {[%clk 0:08:58]}  Kf6 {[%clk 0:08:54]} 30. Kc2 {[%clk 0:08:48]}  Ke6 {[%clk 0:08:52]} 31. b4 {[%clk 0:08:21]}  b6 {[%clk 0:08:41]} 32. Kb3 {[%clk 0:07:47]}  Ra7 {[%clk 0:08:37]} 33. a4 {[%clk 0:06:37]}  a5 {[%clk 0:08:26]} 34. bxa5 {[%clk 0:06:38]}  bxa5 {[%clk 0:08:10]} 35. Rb5 {[%clk 0:05:49]}  Bc5 {[%clk 0:07:57]} 36. Rd5 {[%clk 0:05:45]}  Bb4 {[%clk 0:07:56]} 37. Rxe5+ {[%clk 0:05:40]}  Kf6 {[%clk 0:07:51]} 38. Red5 {[%clk 0:05:34]}  Rac7 {[%clk 0:07:45]} 39. g3 {[%clk 0:04:44]}  fxg3 {[%clk 0:07:31]} 40. hxg3 {[%clk 0:04:48]}  Rc5 {[%clk 0:06:39]} 41. Rb6+ {[%clk 0:04:13]}  R5c6 {[%clk 0:06:32]} 42. Rb7 {[%clk 0:03:59]}  R8c7 {[%clk 0:06:31]} 43. Rd7 {[%clk 0:03:56]}  Rxb7 {[%clk 0:06:24]} 44. Rxb7 {[%clk 0:03:59]}  h5 {[%clk 0:06:13]} 45. Rd7 {[%clk 0:03:54]}  Rd6 {[%clk 0:06:05]} 46. Rxd6+ {[%clk 0:03:46]}  Bxd6 {[%clk 0:06:08]} 47. f4 {[%clk 0:03:50]}  Bc5 {[%clk 0:05:56]} 48. e5+ {[%clk 0:03:27]}  Kf5 {[%clk 0:06:00]} 49. Bd3+ {[%clk 0:03:25]}  Kg4 {[%clk 0:06:04]} 50. Bxg6 {[%clk 0:03:26]}  Kxg3 {[%clk 0:06:07]} 51. f5 {[%clk 0:03:25]}  Kf4 {[%clk 0:05:41]} 52. e6 {[%clk 0:02:54]}  h4 {[%clk 0:05:39]} 53. f6 {[%clk 0:02:49]}  h3 {[%clk 0:05:01]} 54. e7 {[%clk 0:02:53]}  h2 {[%clk 0:05:05]} 55. Be4 {[%clk 0:02:35]}  Kxe4 {[%clk 0:04:49]} 56. e8=Q+ {[%clk 0:02:38]}  Kf5 {[%clk 0:03:56]} 57. Qc6 {[%clk 0:02:22]}  Kg6 {[%clk 0:03:24]} 58. Qg2+ {[%clk 0:02:16]} 1-0

[Event "Rapid Tournament (RAP)"]
[Site "Biel, CH"]
[Date "2025.07.13"]
[Round "8"]
[White "Tereshchenko, Eliza"]
[Black "Kwiatkowski, Maciej"]
[Result "1-0"]
[Board "34"]
[WhiteFideId "34389890"]
[BlackFideId "1360175"]
[WhiteElo "1808"]
[BlackElo "1982"]
[WhiteTeam "FID"]
[BlackTeam "SUI"]
[WhiteClock "0:00:12"]
[BlackClock "0:00:14"]
[Variant "Standard"]

1. d4 {[%clk 0:15:07]}  Nf6 {[%clk 0:15:07]} 2. Nf3 {[%clk 0:15:10]}  e6 {[%clk 0:15:06]} 3. g3 {[%clk 0:15:12]}  c5 {[%clk 0:14:57]} 4. c4 {[%clk 0:15:02]}  cxd4 {[%clk 0:14:56]} 5. Nxd4 {[%clk 0:14:52]}  Nc6 {[%clk 0:14:45]} 6. Bg2 {[%clk 0:14:35]}  Bc5 {[%clk 0:14:30]} 7. Nxc6 {[%clk 0:14:31]}  bxc6 {[%clk 0:14:31]} 8. O-O {[%clk 0:14:30]}  d5 {[%clk 0:14:05]} 9. Nc3 {[%clk 0:13:10]}  O-O {[%clk 0:13:47]} 10. cxd5 {[%clk 0:12:57]}  cxd5 {[%clk 0:13:50]} 11. e4 {[%clk 0:12:53]}  dxe4 {[%clk 0:12:01]} 12. Nxe4 {[%clk 0:08:20]}  Nxe4 {[%clk 0:12:05]} 13. Bxe4 {[%clk 0:08:12]}  Qxd1 {[%clk 0:12:05]} 14. Rxd1 {[%clk 0:08:09]}  Rb8 {[%clk 0:11:15]} 15. a3 {[%clk 0:08:00]}  Bb7 {[%clk 0:11:09]} 16. Bxb7 {[%clk 0:05:43]}  Rxb7 {[%clk 0:11:12]} 17. b4 {[%clk 0:04:50]}  Be7 {[%clk 0:10:25]} 18. Bf4 {[%clk 0:04:04]}  Bf6 {[%clk 0:09:21]} 19. Ra2 {[%clk 0:03:43]}  h6 {[%clk 0:09:08]} 20. Rc2 {[%clk 0:03:30]}  g5 {[%clk 0:07:14]} 21. Be3 {[%clk 0:03:30]}  Ra8 {[%clk 0:07:10]} 22. Rdc1 {[%clk 0:02:48]}  Kg7 {[%clk 0:04:46]} 23. Rc7 {[%clk 0:01:58]}  Rxc7 {[%clk 0:04:20]} 24. Rxc7 {[%clk 0:02:48]}  a6 {[%clk 0:04:24]} 25. Rb7 {[%clk 0:02:11]}  Bb2 {[%clk 0:03:51]} 26. a4 {[%clk 0:02:17]}  Be5 {[%clk 0:03:01]} 27. b5 {[%clk 0:01:19]}  axb5 {[%clk 0:03:57]} 28. axb5 {[%clk 0:01:17]}  Rb8 {[%clk 0:03:42]} 29. Rxb8 {[%clk 0:00:45]}  Bxb8 {[%clk 0:03:46]} 30. b6 {[%clk 0:00:26]}  Kf6 {[%clk 0:03:40]} 31. f4 {[%clk 0:00:24]}  g4 {[%clk 0:02:38]} 32. Bc5 {[%clk 0:00:18]}  Kf5 {[%clk 0:01:36]} 33. Bd4 {[%clk 0:00:20]}  f6 {[%clk 0:01:40]} 34. Kf2 {[%clk 0:00:10]}  e5 {[%clk 0:01:44]} 35. fxe5 {[%clk 0:00:10]}  fxe5 {[%clk 0:01:46]} 36. Be3 {[%clk 0:00:13]}  h5 {[%clk 0:01:48]} 37. Bc5 {[%clk 0:00:12]}  Ke4 {[%clk 0:01:43]} 38. Ke2 {[%clk 0:00:09]}  Kd5 {[%clk 0:01:37]} 39. Be7 {[%clk 0:00:08]}  Kc6 {[%clk 0:01:39]} 40. Bd8 {[%clk 0:00:11]}  Bd6 {[%clk 0:01:19]} 41. Kd3 {[%clk 0:00:07]}  Kd5 {[%clk 0:01:17]} 42. Bc7 {[%clk 0:00:07]}  e4+ {[%clk 0:01:10]} 43. Kc3 {[%clk 0:00:08]}  Be7 {[%clk 0:00:12]} 44. b7 {[%clk 0:00:11]}  Bf6+ {[%clk 0:00:14]} 45. Kd2 {[%clk 0:00:12]} 1-0